La ideología de la muerte: las desapariciones forzadas en Argentina

Análisis de la política de seguridad nacional aplicada contra los argentinos en el período de 1975 a 1978 y que se caracterizó por la desaparición, muertes y torturas de los opositores al régimen militar. Señala Segreda que, según los militares, ellos actuaban en nombre de Dios y defendían la socied...

Ausführliche Beschreibung

Gespeichert in:
Bibliographische Detailangaben
1. Verfasser: Segreda Mena, Luis
Format: Text
Veröffentlicht: s.l.e.: s.e.
Schlagworte:
Tags: Tag hinzufügen
Keine Tags, Fügen Sie den ersten Tag hinzu!

MARC

LEADER 00000 a a2200000 04500
001 13148
003
040
090 |a 024500  
100 |a Segreda Mena, Luis  
245 |a La ideología de la muerte: las desapariciones forzadas en Argentina  
260 |a s.l.e.:   |b s.e.  
300 |a 6 p.  
520 |a Análisis de la política de seguridad nacional aplicada contra los argentinos en el período de 1975 a 1978 y que se caracterizó por la desaparición, muertes y torturas de los opositores al régimen militar. Señala Segreda que, según los militares, ellos actuaban en nombre de Dios y defendían la sociedad occidental y cristiana, lo cual legitimaba sus actos. LOB/mb  
650 |a MUERTES  
650 |a IDEOLOGIAS POLITICAS  
650 |a MILITARISMO  
650 |a TERRORISMO  
650 |a OPINION PUBLICA  
650 |a CRISTIANISMO  
650 |a SOCIEDAD  
650 |a GENOCIDIO  
650 |a JUSTICIA SOCIAL  
650 |a DERECHOS HUMANOS  
999 |c 14468  |d 14468